Central Library OPAC University of Rajshahi

An introduction to medical genetics / (Record no. 66222)

MARC details
000 -LEADER
fixed length control field 00990nam a2200301 a 4500
001 - CONTROL NUMBER
control field 66222
003 - CONTROL NUMBER IDENTIFIER
rucl marc code BD-RjUL
005 - DATE AND TIME OF LATEST TRANSACTION
control field 20211209081519.0
008 - FIXED-LENGTH DATA ELEMENTS--GENERAL INFORMATION
fixed length control field 841120s1985 enka b 001 0 eng c
020 ## - INTERNATIONAL STANDARD BOOK NUMBER
International Standard Book Number 0192614096 (pbk.) :
Terms of availability $24.95
035 ## - SYSTEM CONTROL NUMBER
System control number (BD-RjUL)66352
040 ## - CATALOGING SOURCE
Original cataloging agency DNLM/DLC
Transcribing agency DLC
Modifying agency DLC
Language of cataloging eng
041 ## - LANGUAGE CODE
Language code of text/sound track or separate title eng
082 00 - DEWEY DECIMAL CLASSIFICATION NUMBER
Edition number 23
Classification number 616.042
Author mark and year ROI 1985
100 1# - MAIN ENTRY--PERSONAL NAME
Personal name Roberts, J. A. Fraser
Fuller form of name (John Alexander Fraser),
Dates associated with a name 1899-
9 (RLIN) 195965
245 13 - TITLE STATEMENT
Title An introduction to medical genetics /
Statement of responsibility, etc. J.A. Fraser Roberts and Marcus E. Pembrey.
250 ## - EDITION STATEMENT
Edition statement 8th ed.
260 ## - PUBLICATION, DISTRIBUTION, ETC. (IMPRINT)
Place of publication, distribution, etc. Oxford ;
-- New York :
Name of publisher, distributor, etc. Oxford University Press,
Date of publication, distribution, etc. 1985.
300 ## - PHYSICAL DESCRIPTION
Pagination xvi, 394 p. :
Illustrations ill. ;
Size 24 cm.
500 ## - GENERAL NOTE
General note Includes indexes.
504 ## - BIBLIOGRAPHY, ETC. NOTE
Bibliography, etc Bibliography: p. 370-381.
650 #0 - SUBJECT ADDED ENTRY--TOPICAL TERM
Topical term or geographic name as entry element Medical genetics.
9 (RLIN) 195967
Topical term or geographic name as entry element Genetics, Medical.
9 (RLIN) 178776
Topical term or geographic name as entry element Hereditary Diseases.
9 (RLIN) 195968
700 1# - ADDED ENTRY--PERSONAL NAME
Personal name Pembrey, Marcus E.
942 ## - ADDED ENTRY ELEMENTS (KOHA)
Source of classification or shelving scheme Dewey Decimal Classification
Koha item type Books
Holdings
Lost status Source of classification or shelving scheme Damaged status Not for loan Collection code Permanent Location Current Location Shelving location Date acquired Source of acquisition Cost, normal purchase price Total Checkouts Full call number Date last seen Copy number Koha item type
  Dewey Decimal Classification   Not For Loan Non-fiction Central Library, University of Rajshahi Central Library, University of Rajshahi Reading Room 14/08/1994 Aligor Library, Rajshahi 17.50   616.042 ROI 1985 15/03/2017 C-1 Books